[Event "Albena BUL, 19th Open round_3"]
[Site "Albena BUL"]
[Date "2011.06.27"]
[Round "3.14"]
[White "Olarasu, Gabriela"]
[Black "Carlsson, Pontus"]
[Result "0-1"]
[WhiteElo "2266"]
[BlackElo "2497"]
[PlyCount "178"]
[EventDate "2011.06.25"]
[EventType "swiss"]
[EventRounds "9"]
[EventCountry "BUL"]

1. d4 Nf6 2. c4 e6 3. Nc3 Bb4 4. Qc2 d5 5. Bg5 c5 6. cxd5 exd5 7. Nf3 h6 8.
Bxf6 Qxf6 9. e3 O-O 10. Be2 c4 11. O-O Bf5 12. Qc1 Bxc3 13. Qxc3 Nc6 14. Ne5 b5
15. Nxc6 Qxc6 16. a4 bxa4 17. Bd1 Bd3 18. Re1 Rfb8 19. Bxa4 Qb6 20. Ra2 a5 21.
Rea1 Ra6 22. Bd1 Qb4 23. h3 Qxc3 24. bxc3 Rb3 25. Bf3 Rb5 26. h4 Kf8 27. Kh2
Ke7 28. Kg3 Kd6 29. Kf4 Bb1 30. Rd2 a4 31. Rd1 Bc2 32. Rd2 Rb1 33. Rxb1 Bxb1
34. Rb2 Bd3 35. Ra2 a3 36. e4 Bb1 37. Ra1 a2 38. exd5 Rb6 39. Be2 Kxd5 40. Bf3+
Kd6 41. Be2 Rb2 42. Bxc4 Rxf2+ 43. Kg3 Rc2 44. Bxf7 Rxc3+ 45. Kf4 Rc2 46. Kf3
Rd2 47. Bc4 Kc6 48. g4 Rc2 49. Bg8 Kb5 50. Kf4 Re2 51. g5 hxg5+ 52. Kxg5 Kb4
53. h5 Ka3 54. Bxa2 Bxa2 55. Rg1 Bf7 56. h6 gxh6+ 57. Kxh6 Kb4 58. Rg4 Kc4 59.
Kg5 Bd5 60. Rf4 Be4 61. Rf8 Rg2+ 62. Kf6 Rf2+ 63. Ke7 Ra2 64. Rd8 Bd5 65. Kf6
Rf2+ 66. Ke5 Re2+ 67. Kf5 Re1 68. Kf6 Rf1+ 69. Ke5 Re1+ 70. Kf6 Kxd4 71. Kg7
Ke5 72. Rf8 Rg1+ 73. Kh8 Be6 74. Kh7 Bf5+ 75. Kh8 Rb1 76. Rg8 Ke6 77. Kg7 Rg1+
78. Kh8 Bg6 79. Rb8 Be8 80. Rb7 Rg2 81. Rg7 Rh2+ 82. Rh7 Bh5 83. Rh6+ Kf7 84.
Rh7+ Kf6 85. Rh6+ Kf7 86. Rh7+ Kg6 87. Rg7+ Kf6 88. Kg8 Ra2 89. Kh8 Rb2 0-1

[Event "Albena BUL, 19th Open round_3"]
[Site "Albena BUL"]
[Date "2011.06.27"]
[Round "3.15"]
[White "Spiridonov, Nikola"]
[Black "Filip, Lucian"]
[Result "0-1"]
[WhiteElo "2244"]
[BlackElo "2467"]
[PlyCount "36"]
[EventDate "2011.06.25"]
[EventType "swiss"]
[EventRounds "9"]
[EventCountry "BUL"]

1. c4 Nf6 2. g3 c6 3. Nf3 d5 4. Qc2 Bg4 5. Bg2 Nbd7 6. h3 Bxf3 7. Bxf3 Ne5 8.
d3 Nxf3+ 9. exf3 Qd7 10. Kf1 g6 11. Kg2 Bg7 12. f4 O-O 13. Nd2 Qf5 14. Qb3 Rad8
15. Nf3 dxc4 16. dxc4 Rd3 17. Qc2 Qe4 18. Be3 Rxe3 0-1

[Event "Albena BUL, 19th Open round_3"]
[Site "Albena BUL"]
[Date "2011.06.27"]
[Round "3.17"]
[White "Orev, Petar"]
[Black "Arnaudov, G  Petar"]
[Result "0-1"]
[WhiteElo "2224"]
[BlackElo "2449"]
[PlyCount "100"]
[EventDate "2011.06.25"]
[EventType "swiss"]
[EventRounds "9"]
[EventCountry "BUL"]

1. e4 e5 2. Nf3 Nc6 3. Nc3 Nf6 4. Bb5 Bd6 5. d4 Nxd4 6. Nxd4 exd4 7. Qxd4 Qe7
8. Bd3 c6 9. Qe3 O-O 10. Qe2 Re8 11. O-O Be5 12. Bd2 d5 13. Rae1 Bxc3 14. Bxc3
dxe4 15. Bxf6 Qxf6 16. Bxe4 Bf5 17. Qf3 Bxe4 18. Rxe4 Qxb2 19. Rxe8+ Rxe8 20.
Qb3 Qxb3 21. axb3 g5 22. Rc1 Kg7 23. Kf1 Rd8 24. Ke2 Kf6 25. Ra1 a6 26. Ra4 Rd5
27. h4 h6 28. hxg5+ hxg5 29. Ke3 Ke6 30. g4 f6 31. f4 Kd6 32. Re4 a5 33. Re8
Rb5 34. fxg5 Rxg5 35. Kf4 Rc5 36. Rd8+ Ke7 37. Rd2 b5 38. Re2+ Kf7 39. Rh2 Kg6
40. Rd2 a4 41. bxa4 bxa4 42. Rd4 Ra5 43. Rd1 a3 44. Ra1 a2 45. Ke4 Kg5 46. c4
Kxg4 47. Kd4 f5 48. Kc3 f4 49. Kb4 Ra6 50. Kc5 f3 0-1

[Event "Albena BUL, 19th Open round_3"]
[Site "Albena BUL"]
[Date "2011.06.27"]
[Round "3.18"]
[White "Farago, Ivan"]
[Black "Tashkov, Rumen"]
[Result "1-0"]
[WhiteElo "2448"]
[BlackElo "2248"]
[PlyCount "141"]
[EventDate "2011.06.25"]
[EventType "swiss"]
[EventRounds "9"]
[EventCountry "BUL"]

1. d4 d6 2. Nf3 g6 3. c4 Bg7 4. Nc3 Bg4 5. e3 Nc6 6. Be2 e5 7. d5 Nce7 8. e4
Bxf3 9. Bxf3 h5 10. O-O Nf6 11. Bg5 Nh7 12. Qa4+ Kf8 13. Bd2 Nf6 14. c5 Bh6 15.
Bxh6+ Rxh6 16. cxd6 cxd6 17. Qb4 Qd7 18. Bd1 a5 19. Qb6 Nc8 20. Qe3 Kg7 21. Ba4
Qd8 22. h3 Qb6 23. Qxb6 Nxb6 24. Bb5 Rhh8 25. f4 exf4 26. Rxf4 Nfd7 27. Bxd7
Nxd7 28. Nb5 Ra6 29. Rc1 Ne5 30. Rc7 Rb6 31. a4 Rd8 32. b3 Rd7 33. Rc8 Re7 34.
Rd8 Rd7 35. Re8 Nd3 36. Rf3 Ne5 37. Rf1 Nd3 38. Rf3 Ne5 39. Rc3 Kf6 40. Kf2 Re7
41. Rd8 Rd7 42. Ra8 Ra6 43. Re8 Rb6 44. Ke3 Re7 45. Rd8 Nd7 46. Kd4 h4 47. Ra8
Nc5 48. Rf3+ Kg5 49. Re3 Nd7 50. Rxa5 f5 51. Ra8 f4 52. Rc3 Nf6 53. Rd8 Rxe4+
54. Kd3 Re5 55. Rc4 Rxd5+ 56. Rd4 Re5 57. R8xd6 Rxd6 58. Nxd6 Re3+ 59. Kc4 Rg3
60. Rd2 b6 61. Nc8 f3 62. gxf3 Rxh3 63. Nxb6 Rxf3 64. a5 Ng4 65. a6 Rf7 66. Nd7
Rf4+ 67. Kb5 Rf5+ 68. Kb6 Rf3 69. Rd5+ Kf4 70. a7 Rxb3+ 71. Ka6 1-0

[Event "Albena BUL, 19th Open round_3"]
[Site "Albena BUL"]
[Date "2011.06.27"]
[Round "3.19"]
[White "Iovcov, Valerii"]
[Black "Sanduleac, Vasile"]
[Result "0-1"]
[WhiteElo "2074"]
[BlackElo "2424"]
[PlyCount "94"]
[EventDate "2011.06.25"]
[EventType "swiss"]
[EventRounds "9"]
[EventCountry "BUL"]

1. e4 g6 2. d4 Bg7 3. Nc3 c6 4. h3 d6 5. a4 Nf6 6. Nge2 O-O 7. Be3 Nbd7 8. g3
e5 9. Bg2 exd4 10. Bxd4 Qe7 11. O-O Nc5 12. g4 Be6 13. b3 Rad8 14. f4 Bc8 15.
Ng3 Ne6 16. Nge2 Nxd4 17. Nxd4 d5 18. e5 Ne4 19. Qd3 Nxc3 20. Qxc3 f6 21. exf6
Qxf6 22. Rad1 Qd6 23. Qd2 Bh6 24. Ne2 Rde8 25. Rf2 Qc5 26. Rdf1 Qe3 27. Qd1
Bxf4 28. Kh1 Bh6 29. Rxf8+ Bxf8 30. Nd4 Bd6 31. Nf3 Bb4 32. c4 dxc4 33. bxc4
Be6 34. Nd4 Bxc4 35. Nc2 Qe7 36. Rf4 Bb3 37. Qb1 Bxc2 38. Qxc2 Bd6 39. Re4 Qf7
40. Rxe8+ Qxe8 41. Qb3+ Qf7 42. Qxf7+ Kxf7 43. a5 a6 44. Kg1 Bb4 45. Kf1 Bxa5
46. Ke2 Bd8 47. Kd3 Ke6 0-1

[Event "Albena BUL, 19th Open round_3"]
[Site "Albena BUL"]
[Date "2011.06.27"]
[Round "3.20"]
[White "Georgiev, Krum"]
[Black "Reipsch, Jens"]
[Result "1-0"]
[WhiteElo "2423"]
[BlackElo "2237"]
[PlyCount "108"]
[EventDate "2011.06.25"]
[EventType "swiss"]
[EventRounds "9"]
[EventCountry "BUL"]

1. e4 e5 2. Nf3 Nc6 3. Bb5 a6 4. Ba4 d6 5. O-O Bg4 6. c3 b5 7. Bc2 Qf6 8. a4
Rb8 9. axb5 axb5 10. d3 Nge7 11. Nbd2 Ng6 12. h3 h5 13. Re1 Nf4 14. hxg4 hxg4
15. Nh2 Nxg2 16. Ndf1 Nxe1 17. Qxe1 Rh4 18. Qe3 Be7 19. Qg3 g6 20. Bd1 Qe6 21.
Bxg4 f5 22. Bf3 Kd7 23. Qg2 Nd8 24. Ne3 Qf7 25. Nef1 f4 26. Bg4+ Kc6 27. Nf3
Rh6 28. d4 Bf6 29. Bxf4 exf4 30. e5 Kb6 31. exf6 Qxf6 32. N3d2 Nf7 33. Bd7 d5
34. Qxd5 Rh5 35. Ne4 Rxd5 36. Nxf6 Rd6 37. Nd2 Rxf6 38. Ne4 Rf5 39. Bxf5 gxf5
40. Nc5 Kc6 41. Kg2 Ng5 42. Nd3 Kd5 43. Nxf4+ Ke4 44. Kg3 Nf3 45. Ra6 Rg8+ 46.
Ng6 f4+ 47. Kg4 Nh2+ 48. Kg5 Nf3+ 49. Kg4 Nh2+ 50. Kh5 Kf3 51. Rf6 Kxf2 52.
Rxf4+ Ke3 53. Rf7 Rc8 54. Ne7 Rh8+ 1-0

[Event "Albena BUL, 19th Open round_3"]
[Site "Albena BUL"]
[Date "2011.06.27"]
[Round "3.21"]
[White "Lilov, Valeri"]
[Black "Orndahl, Markus"]
[Result "1-0"]
[WhiteElo "2412"]
[BlackElo "2235"]
[PlyCount "59"]
[EventDate "2011.06.25"]
[EventType "swiss"]
[EventRounds "9"]
[EventCountry "BUL"]

1. e4 e6 2. d4 d5 3. Nd2 dxe4 4. Nxe4 Nd7 5. Nf3 Ngf6 6. Bd3 c5 7. c3 Be7 8.
O-O Qc7 9. Bg5 cxd4 10. cxd4 Nxe4 11. Bxe7 Kxe7 12. Bxe4 Nf6 13. Qd3 Rd8 14.
Ne5 Qd6 15. Rfd1 Bd7 16. Bxb7 Rab8 17. Qf3 g5 18. Be4 Rb4 19. Bc6 Rxd4 20. Rxd4
Qxd4 21. Qa3+ Ke8 22. Bxd7+ Rxd7 23. Nxd7 Nxd7 24. Rc1 Ne5 25. Qc3 Qf4 26. Qe3
Qf5 27. h3 g4 28. Qxa7 Kf8 29. hxg4 Nxg4 30. Qc5+ 1-0

[Event "Albena BUL, 19th Open round_3"]
[Site "Albena BUL"]
[Date "2011.06.27"]
[Round "3.22"]
[White "Valkov, Vladimir"]
[Black "Bogdanov, Valentin"]
[Result "0-1"]
[WhiteElo "2061"]
[BlackElo "2391"]
[PlyCount "62"]
[EventDate "2011.06.25"]
[EventType "swiss"]
[EventRounds "9"]
[EventCountry "BUL"]

1. Nf3 d5 2. b3 c5 3. e3 Nf6 4. Bb2 e6 5. Ne5 Be7 6. Bb5+ Nbd7 7. O-O O-O 8.
Bxd7 Nxd7 9. f4 f6 10. Nf3 Bd6 11. d3 b5 12. Nbd2 Bb7 13. Nh4 Qe7 14. f5 Rfe8
15. Qg4 Bc8 16. Rae1 Ne5 17. Bxe5 Bxe5 18. d4 Bc7 19. e4 exf5 20. Nxf5 Bxf5 21.
Rxf5 Rad8 22. e5 cxd4 23. Nf3 fxe5 24. Nxe5 Qb4 25. Qxg7+ Kxg7 26. Rg5+ Kf6 27.
Rf1+ Kxg5 28. h4+ Kxh4 29. g3+ Kxg3 30. Rf3+ Kh4 31. Rf4+ Kg5 0-1

[Event "Albena BUL, 19th Open round_3"]
[Site "Albena BUL"]
[Date "2011.06.27"]
[Round "3.23"]
[White "Panbukchian, Valentin"]
[Black "Kulon, Klaudia"]
[Result "1-0"]
[WhiteElo "2385"]
[BlackElo "2227"]
[PlyCount "77"]
[EventDate "2011.06.25"]
[EventType "swiss"]
[EventRounds "9"]
[EventCountry "BUL"]

1. f4 d5 2. Nf3 g6 3. g3 Bg7 4. Bg2 c5 5. d3 Nc6 6. O-O d4 7. Na3 e6 8. Bd2
Nge7 9. c4 O-O 10. Nc2 a5 11. b3 Qc7 12. a3 Rb8 13. b4 axb4 14. axb4 cxb4 15.
Nxb4 b5 16. Nxc6 Nxc6 17. cxb5 Rxb5 18. Qa4 Qb6 19. Rfc1 Bb7 20. Ng5 h6 21. Ne4
Ra8 22. Qxa8+ Bxa8 23. Rxa8+ Kh7 24. Rxc6 Rb1+ 25. Kf2 Qb3 26. Ra7 e5 27. Nf6+
Bxf6 28. Rxf6 Kg8 29. Raxf7 Qxf7 30. Rxf7 Kxf7 31. fxe5 Rb5 32. Bxh6 Rxe5 33.
h4 Ra5 34. Bh3 Ra1 35. Bg4 Ra5 36. Bf4 Kf6 37. Kf3 Ra4 38. Ke4 Kf7 39. Be5 1-0

[Event "Albena BUL, 19th Open round_3"]
[Site "Albena BUL"]
[Date "2011.06.27"]
[Round "3.24"]
[White "Gochev, Plamen"]
[Black "Soltanici, Ruslan"]
[Result "0-1"]
[WhiteElo "1995"]
[BlackElo "2367"]
[PlyCount "100"]
[EventDate "2011.06.25"]
[EventType "swiss"]
[EventRounds "9"]
[EventCountry "BUL"]

1. c4 c5 2. Nc3 Nf6 3. Nf3 e6 4. e3 d5 5. d4 Nc6 6. Be2 cxd4 7. exd4 Be7 8. O-O
dxc4 9. Bxc4 O-O 10. a3 a6 11. d5 exd5 12. Nxd5 Nxd5 13. Qxd5 Qxd5 14. Bxd5 Bf6
15. Bxc6 bxc6 16. Bg5 Bxb2 17. Ra2 Rb8 18. Rb1 Be5 19. Rc1 Be6 20. Re2 Bb2 21.
Rxc6 Bxa3 22. h3 a5 23. Bf4 Rbc8 24. Nd4 Rxc6 25. Nxc6 Ra8 26. Nd4 Bd7 27. Nc2
Bf8 28. Bc1 Rc8 29. Bb2 f6 30. Na3 Rb8 31. Bc1 Rb3 32. Re3 Rxe3 33. fxe3 Kf7
34. Kf2 Ke6 35. e4 Bc5+ 36. Ke2 Bc8 37. Kf3 Ba6 38. Bb2 Bd3 39. Kf4 g5+ 40. Kf3
h5 41. g3 Bf1 42. h4 g4+ 43. Kf4 Bd6+ 44. e5 fxe5+ 45. Kg5 Bd3 46. Kxh5 Kf5 47.
Kh6 e4 48. Bc1 e3 49. Bxe3 Bxa3 50. Bf4 Ke4 0-1

[Event "Albena BUL, 19th Open round_3"]
[Site "Albena BUL"]
[Date "2011.06.27"]
[Round "3.25"]
[White "Anton, Teodor"]
[Black "Ninov, Dayan"]
[Result "1/2-1/2"]
[WhiteElo "2355"]
[BlackElo "2090"]
[PlyCount "157"]
[EventDate "2011.06.25"]
[EventType "swiss"]
[EventRounds "9"]
[EventCountry "BUL"]

1. d4 d5 2. c4 c6 3. Nf3 Nf6 4. Qc2 g6 5. Bf4 Bf5 6. Qb3 Qb6 7. Nc3 Na6 8. c5
Qxb3 9. axb3 Nh5 10. e3 Nxf4 11. exf4 Nb4 12. Ra4 a5 13. Kd2 Bg7 14. Be2 O-O
15. Rha1 Nc2 16. Rc1 Nb4 17. Rca1 Nc2 18. Rc1 Nb4 19. h3 Be4 20. Nxe4 dxe4 21.
Ne5 Rfd8 22. Ke3 f6 23. Bc4+ Kh8 24. Kxe4 fxe5 25. fxe5 Bh6 26. f4 Nd5 27. Bxd5
cxd5+ 28. Kf3 Ra6 29. b4 axb4 30. Rxb4 Rd7 31. g4 e6 32. Rc3 Rf7 33. Rcb3 Ra7
34. Ke2 Bxf4 35. Rb6 Re7 36. Rf3 g5 37. b4 Ra2+ 38. Ke1 Rf7 39. Kf1 Ra1+ 40.
Ke2 Ra2+ 41. Kf1 Rd2 42. Rxe6 Rxd4 43. Rb6 Rc4 44. e6 Re7 45. Rd3 d4 46. Ke2
Kg7 47. Ra3 Rc3 48. Rxc3 dxc3 49. Kd3 Be5 50. Kc2 Kf6 51. Kd3 Re8 52. Rxb7 Kxe6
53. Rb6+ Kd5 54. c6 Rf8 55. Rb5+ Ke6 56. Rc5 Rd8+ 57. Ke4 Rd4+ 58. Ke3 Rd8 59.
Ke4 Bd6 60. Rc4 Rf8 61. Kd3 Rf3+ 62. Kc2 Bc7 63. Rxc3 Rxc3+ 64. Kxc3 Kd6 65.
Kd4 Kxc6 66. Ke4 Kb5 67. h4 h6 68. h5 Bd6 69. Kf5 Kxb4 70. Kg6 Bf8 71. Kf7 Bd6
72. Kg6 Bf8 73. Kf7 Bc5 74. Kg7 Kc4 75. Kxh6 Be3 76. Kg6 Kd5 77. h6 Ke6 78. h7
Bd4 79. Kxg5 1/2-1/2

[Event "Albena BUL, 19th Open round_3"]
[Site "Albena BUL"]
[Date "2011.06.27"]
[Round "3.26"]
[White "Vutov, Mario"]
[Black "Golstein, Mihail"]
[Result "1/2-1/2"]
[WhiteElo "2342"]
[BlackElo "2075"]
[PlyCount "62"]
[EventDate "2011.06.25"]
[EventType "swiss"]
[EventRounds "9"]
[EventCountry "BUL"]

1. e4 c5 2. Nf3 Nc6 3. d4 cxd4 4. Nxd4 g6 5. Nc3 Bg7 6. Nb3 Nf6 7. Be2 O-O 8.
O-O d6 9. Kh1 Bd7 10. f4 a6 11. Be3 b5 12. Bf3 Rc8 13. Qd2 Na5 14. Nxa5 Qxa5
15. a3 Ng4 16. Bxg4 Bxg4 17. Bd4 Bxd4 18. Qxd4 Be6 19. f5 Bc4 20. Rfe1 Qc7 21.
Re3 e5 22. Qd2 f6 23. fxg6 hxg6 24. Rg3 Kg7 25. Rd1 Rcd8 26. Rh3 Rh8 27. Rxh8
Kxh8 28. Qh6+ Qh7 29. Qe3 Qc7 30. Qh6+ Qh7 31. Qe3 Qc7 1/2-1/2

[Event "Albena BUL, 19th Open round_3"]
[Site "Albena BUL"]
[Date "2011.06.27"]
[Round "3.28"]
[White "Gruenfeld, Yehuda"]
[Black "Halldorsson, Jon Arni"]
[Result "1/2-1/2"]
[WhiteElo "2484"]
[BlackElo "2214"]
[PlyCount "129"]
[EventDate "2011.06.25"]
[EventType "swiss"]
[EventRounds "9"]
[EventCountry "BUL"]

1. e4 e6 2. d4 d5 3. Nc3 Nf6 4. Bg5 dxe4 5. Nxe4 Be7 6. Bxf6 Bxf6 7. Nf3 Nd7 8.
Qd2 b6 9. Bb5 O-O 10. Bc6 Rb8 11. O-O-O Bb7 12. Qc3 Bxc6 13. Qxc6 Rc8 14. d5
Nb8 15. Qc4 Qe7 16. Rhe1 exd5 17. Rxd5 Qe6 18. g4 Rcd8 19. Nxf6+ Qxf6 20. Rxd8
Qxd8 21. Ne5 c5 22. Rd1 Qf6 23. f4 Qe6 24. a4 Qxc4 25. Nxc4 f5 26. g5 Nc6 27.
Rd7 Rf7 28. Rd6 Rc7 29. c3 Kf8 30. g6 hxg6 31. Rxg6 Ne7 32. Rd6 Nc8 33. Rd5 Ne7
34. Rd8+ Kf7 35. Nd6+ Kg6 36. Nb5 Rb7 37. h3 Kh5 38. Rh8+ Kg6 39. h4 Nd5 40.
Nd6 Rd7 41. h5+ Kf6 42. h6 gxh6 43. Rxh6+ Ke7 44. Nxf5+ Kd8 45. Rh4 Rf7 46. Nd6
Rxf4 47. Rh7 Rxa4 48. Kb1 c4 49. Nb5 Ne7 50. Nd6 Nc6 51. Rh4 Na5 52. b4 Kd7 53.
Nb5 Nb3 54. Kb2 a6 55. Rh7+ Kd8 56. Na3 b5 57. Ra7 Kc8 58. Nc2 Kb8 59. Rh7 Kc8
60. Rg7 Kb8 61. Rg4 Kb7 62. Na3 Nd2 63. Rf4 Kc6 64. Rd4 Nb3 65. Rd1 1/2-1/2

[Event "Albena BUL, 19th Open round_3"]
[Site "Albena BUL"]
[Date "2011.06.27"]
[Round "3.29"]
[White "Donchev, Dimitar I"]
[Black "Vachev, Vladimir"]
[Result "1/2-1/2"]
[WhiteElo "2452"]
[BlackElo "2149"]
[PlyCount "112"]
[EventDate "2011.06.25"]
[EventType "swiss"]
[EventRounds "9"]
[EventCountry "BUL"]

1. e4 d6 2. d4 g6 3. Nc3 Bg7 4. Be3 Nf6 5. h3 c6 6. a4 Qa5 7. Qd2 O-O 8. Nf3 e5
9. Bd3 Re8 10. O-O Nbd7 11. dxe5 dxe5 12. Nd5 Qxd2 13. Nxf6+ Nxf6 14. Nxd2 Nh5
15. Rfd1 Nf4 16. Bf1 Be6 17. g3 Nh5 18. a5 f5 19. Kg2 f4 20. Bc5 Bf8 21. Bxf8
Kxf8 22. Nf3 fxg3 23. fxg3 Rad8 24. Bd3 Bg8 25. b4 h6 26. Kf2 Kg7 27. Be2 Nf6
28. Ke3 Rxd1 29. Rxd1 g5 30. Rd6 a6 31. h4 g4 32. Nd2 Re7 33. c4 h5 34. c5 Ne8
35. Rd8 Bf7 36. Bc4 Bg6 37. Rb8 Nf6 38. Rd8 Ne8 39. Bd3 Bf7 40. Ke2 Nf6 41. Ke3
Ne8 42. Nc4 Bxc4 43. Bxc4 Kf8 44. Rb8 Kg7 45. Rd8 Kf8 46. Rd2 Kg7 47. Rf2 Nf6
48. Rf5 Kg6 49. Rg5+ Kh6 50. Bb3 Kh7 51. Rf5 Kg6 52. Bc4 Kg7 53. Bd3 Kg6 54.
Rf1 Kg7 55. Bc2 Rd7 56. Rf5 Re7 1/2-1/2

[Event "Albena BUL, 19th Open round_3"]
[Site "Albena BUL"]
[Date "2011.06.27"]
[Round "3.30"]
[White "Akesson, Ralf"]
[Black "Dichev, Nedelcho"]
[Result "1-0"]
[WhiteElo "2451"]
[BlackElo "2142"]
[PlyCount "75"]
[EventDate "2011.06.25"]
[EventType "swiss"]
[EventRounds "9"]
[EventCountry "BUL"]

1. d4 Nf6 2. c4 g6 3. Nc3 Bg7 4. e4 d6 5. h3 c5 6. d5 O-O 7. Bd3 a6 8. a4 e6 9.
Nf3 b6 10. Be3 exd5 11. cxd5 Re8 12. O-O Nbd7 13. Re1 Qc7 14. Nd2 Ne5 15. Bf1
c4 16. Qc2 Nfd7 17. f4 Nd3 18. Bxd3 cxd3 19. Qxd3 Nc5 20. Qc4 f5 21. b4 Ne6 22.
Rac1 b5 23. axb5 axb5 24. Nxb5 Qb8 25. dxe6 Ba6 26. e7+ Kh8 27. Bd4 Bxb5 28.
Bxg7+ Kxg7 29. Qd4+ Kf7 30. Qd5+ Kg7 31. exf5 Bd7 32. f6+ Kxf6 33. Ne4+ Kg7 34.
Ng5 Qa7+ 35. Kh2 Qa2 36. Rc4 Rh8 37. Qd4+ Kg8 38. Rc7 1-0

[Event "Albena BUL, 19th Open round_3"]
[Site "Albena BUL"]
[Date "2011.06.27"]
[Round "3.31"]
[White "Slavov, Dimitar"]
[Black "Nikolov, Sasho"]
[Result "0-1"]
[WhiteElo "2230"]
[BlackElo "2418"]
[PlyCount "81"]
[EventDate "2011.06.25"]
[EventType "swiss"]
[EventRounds "9"]
[EventCountry "BUL"]

1. c4 g6 2. Nc3 Bg7 3. g3 Nf6 4. Bg2 c6 5. e4 d6 6. Nge2 O-O 7. O-O a6 8. a4 a5
9. d4 Na6 10. h3 e5 11. Be3 Qe7 12. Qd2 Nd7 13. Rad1 Rd8 14. f4 Nb4 15. c5 dxc5
16. dxe5 c4 17. Nc1 Bf8 18. Rfe1 b6 19. Bxb6 Nxb6 20. Qxd8 Qc5+ 21. Qd4 Qxd4+
22. Rxd4 Bc5 23. Red1 Nc2 24. N1e2 Bxh3 25. Kh2 Nxd4 26. Nxd4 Bg4 27. Bf3 Bxd4
28. Bxg4 Bxc3 29. bxc3 Nxa4 30. e6 Nxc3 31. Rd4 Nb5 32. Rd7 c3 33. e7 Re8 34.
Rd8 Nc7 35. Bd1 Kg7 36. Rd7 Nb5 37. e5 Na3 38. Ra7 c2 39. Bxc2 Nxc2 40. Rxa5
Rxe7 41. Rc5 0-1

[Event "Albena BUL, 19th Open round_3"]
[Site "Albena BUL"]
[Date "2011.06.27"]
[Round "3.32"]
[White "Georgescu, Tiberiu-Marian"]
[Black "Osman, Mihai"]
[Result "1/2-1/2"]
[WhiteElo "2397"]
[BlackElo "2134"]
[PlyCount "47"]
[EventDate "2011.06.25"]
[EventType "swiss"]
[EventRounds "9"]
[EventCountry "BUL"]

1. d4 Nf6 2. Nf3 d5 3. c4 c6 4. e3 e6 5. b3 Be7 6. Bd3 O-O 7. O-O c5 8. cxd5
exd5 9. Bb2 Bg4 10. dxc5 Bxc5 11. Nbd2 Nbd7 12. Rc1 Rc8 13. h3 Bh5 14. Bf5 Rc6
15. Rc2 Bg6 16. Bxg6 hxg6 17. Qa1 Qb6 18. Nd4 Rc7 19. Rfc1 Rfc8 20. a3 a5 21.
a4 Bb4 22. Rxc7 Rxc7 23. N2f3 Bc5 24. Qb1 1/2-1/2

[Event "Albena BUL, 19th Open round_3"]
[Site "Albena BUL"]
[Date "2011.06.27"]
[Round "3.34"]
[White "Bueder, Thomas"]
[Black "Dimitrov, Pavel"]
[Result "0-1"]
[WhiteElo "2128"]
[BlackElo "2344"]
[PlyCount "214"]
[EventDate "2011.06.25"]
[EventType "swiss"]
[EventRounds "9"]
[EventCountry "BUL"]

1. e4 e5 2. Nf3 Nc6 3. Bc4 Nf6 4. d3 h6 5. O-O Bc5 6. c3 d6 7. b4 Bb6 8. h3 a5
9. b5 Ne7 10. a4 c6 11. Qe2 O-O 12. Be3 Ng6 13. Na3 d5 14. Bb3 Re8 15. Rfe1 Nh5
16. Bxb6 Qxb6 17. exd5 cxd5 18. Bxd5 Ngf4 19. Qe4 Nf6 20. Bxf7+ Kxf7 21. Nxe5+
Rxe5 22. Qxe5 Nxd3 23. Qe7+ Kg8 24. Re3 Bf5 25. Nc4 Qd8 26. Qxd8+ Rxd8 27. Rd1
Rd7 28. Nxa5 Nc5 29. Rxd7 Bxd7 30. Nc4 Nxa4 31. Nd6 Nd5 32. Re5 Naxc3 33. Nxb7
Bxb5 34. Nd6 Bd3 35. Nf5 Bxf5 36. Rxf5 g6 37. Rf3 Kg7 38. g3 Ne4 39. Rd3 Ndf6
40. Kg2 Kf7 41. Re3 Nd6 42. Re5 Nd7 43. Re1 Nc5 44. Re5 Ne6 45. Ra5 Kf6 46. Ra6
Ne4 47. Ra5 N4c5 48. Rb5 Ke5 49. Rb4 Nd4 50. Rb6 Nce6 51. Ra6 Nb5 52. Ra5 Nec7
53. Ra4 Nc3 54. Rc4 N3d5 55. Rc6 Ne6 56. Ra6 h5 57. Ra5 g5 58. Ra1 Nc5 59. Re1+
Kf5 60. Re8 Ne6 61. Ra8 Nb4 62. Ra5+ Kg6 63. Rb5 Nd3 64. Rb6 Kf5 65. Rb5+ Ke4
66. Rb1 Nd4 67. Ra1 g4 68. hxg4 hxg4 69. Ra8 Nf3 70. Ra4+ Kf5 71. Ra5+ Nfe5 72.
Ra1 Nc4 73. Ra4 Nd2 74. Ra5+ Ne5 75. Ra4 Ne4 76. Ra5 Ng5 77. Rb5 Ngf3 78. Rb4
Nd3 79. Ra4 Nfe5 80. Kf1 Nc5 81. Rf4+ Ke6 82. Kg2 Ncd3 83. Ra4 Kd5 84. Kf1 Nc5
85. Rf4 Ne6 86. Ra4 Nd4 87. Kg2 Ke4 88. Ra3 Nd3 89. Ra8 Ne1+ 90. Kf1 Nef3 91.
Re8+ Kd3 92. Kg2 Nc2 93. Kf1 Nd2+ 94. Kg2 Ne4 95. f4 Ne3+ 96. Kh2 Nd2 97. Kg1
Ke2 98. Ra8 Nf3+ 99. Kh1 Kf2 100. Ra2+ Kxg3 101. f5 Ng5 102. f6 Kf4 103. Rh2
Nf5 104. Kg1 Nf7 105. Rh7 N5h6 106. Rg7 Kg3 107. Kf1 Kf3 0-1

[Event "Albena BUL, 19th Open round_3"]
[Site "Albena BUL"]
[Date "2011.06.27"]
[Round "3.35"]
[White "Bonev, Todor"]
[Black "Osmanovic, Faruk"]
[Result "1-0"]
[WhiteElo "2317"]
[BlackElo "2093"]
[PlyCount "51"]
[EventDate "2011.06.25"]
[EventType "swiss"]
[EventRounds "9"]
[EventCountry "BUL"]

1. e4 c5 2. Nf3 Nc6 3. d4 cxd4 4. Nxd4 Qc7 5. Nc3 e6 6. Be2 a6 7. O-O Nf6 8.
Be3 Be7 9. f4 d6 10. Qe1 O-O 11. Qg3 Bd7 12. Rae1 Kh8 13. a3 b5 14. Bd3 Nxd4
15. Bxd4 Bc6 16. Qh3 e5 17. Be3 Qd7 18. Qg3 Nh5 19. Qf3 Nxf4 20. Bxf4 exf4 21.
Qxf4 Bf6 22. Nd1 Rae8 23. c3 Re6 24. Ne3 Be5 25. Qg4 Qa7 26. Qxe6 1-0

[Event "Albena BUL, 19th Open round_3"]
[Site "Albena BUL"]
[Date "2011.06.27"]
[Round "3.36"]
[White "Petkov, Hristo"]
[Black "Becker, Michael"]
[Result "0-1"]
[WhiteElo "2076"]
[BlackElo "2309"]
[PlyCount "136"]
[EventDate "2011.06.25"]
[EventType "swiss"]
[EventRounds "9"]
[EventCountry "BUL"]

1. e4 c5 2. Nf3 Nc6 3. d4 cxd4 4. Nxd4 g6 5. c4 Bg7 6. Be3 Nf6 7. Nc3 O-O 8.
Be2 d6 9. O-O a5 10. Rc1 a4 11. f3 Qa5 12. Qd2 Nxd4 13. Bxd4 Be6 14. Be3 Rfc8
15. Nd1 Nd7 16. Qxa5 Rxa5 17. Bd2 Raa8 18. Re1 Ne5 19. b3 axb3 20. axb3 Nc6 21.
Nc3 Nd4 22. Bd1 Ra3 23. Nd5 Kf8 24. Rb1 Ra2 25. Bg5 Bxd5 26. exd5 Rc7 27. Kf1
b5 28. Be3 f5 29. Bxd4 Bxd4 30. Re2 Rxe2 31. Bxe2 b4 32. c5 Rxc5 33. Bc4 Bc3
34. Rd1 Ra5 35. Kg1 Ra2 36. g3 Kf7 37. f4 Kf6 38. Rf1 h6 39. h4 Rd2 40. Rf3
Bd4+ 41. Kf1 Bc5 42. Ke1 Rh2 43. Kf1 Rh1+ 44. Kg2 Rg1+ 45. Kh3 Rc1 46. Kg2 Rc2+
47. Kf1 Rh2 48. Ke1 Bd4 49. Kd1 Kf7 50. Ke1 Ke8 51. Be2 Kd8 52. Kf1 Bc3 53. Rd3
Kc7 54. Re3 Bf6 55. Ke1 Kb6 56. Rd3 Kc5 57. Bf3 Bd4 58. Rd2 Rxd2 59. Kxd2 Bf2
60. h5 gxh5 61. Bxh5 Kxd5 62. g4 fxg4 63. f5 g3 64. Ke2 Ke4 65. Bg6 Kf4 66. Kf1
d5 67. Bf7 d4 68. Bc4 Kxf5 0-1

[Event "Albena BUL, 19th Open round_3"]
[Site "Albena BUL"]
[Date "2011.06.27"]
[Round "3.37"]
[White "Shishkov, Minko"]
[Black "Stancu, Ovidiu-Grigore"]
[Result "1-0"]
[WhiteElo "2286"]
[BlackElo "2073"]
[PlyCount "137"]
[EventDate "2011.06.25"]
[EventType "swiss"]
[EventRounds "9"]
[EventCountry "BUL"]

1. d4 e6 2. c4 Nf6 3. Nf3 c5 4. d5 b5 5. dxe6 fxe6 6. cxb5 d5 7. g3 Qa5+ 8. Bd2
Qxb5 9. Nc3 Qb6 10. Bg2 Bb7 11. O-O Nbd7 12. Rc1 Rc8 13. Bf4 Be7 14. Re1 O-O
15. e4 d4 16. Na4 Qa6 17. Bf1 d3 18. Bxd3 c4 19. Bf1 Bb4 20. Nc3 Bxc3 21. Rxc3
Bxe4 22. Rxe4 Nxe4 23. Qxd7 Nxc3 24. bxc3 Rfd8 25. Qe7 Re8 26. Qg5 Qb7 27. Be2
Qb1+ 28. Kg2 Qf5 29. Qxf5 exf5 30. Nd4 Rc5 31. Bf3 g6 32. Nc2 Kg7 33. h4 Kf6
34. Bd6 Rcc8 35. Bf4 a5 36. Be3 Ke5 37. Bd4+ Kd6 38. Ne3 Re7 39. Be2 Rec7 40.
a4 Rc6 41. Bf3 Rc5 42. Bxc5+ Kxc5 43. Be2 Re8 44. Kf3 Re4 45. g4 Re5 46. gxf5
gxf5 47. Bf1 Re4 48. Nxf5 Re1 49. Ne3 Rc1 50. Bxc4 Rxc3 51. Bb5 Rc1 52. Kg4
Rg1+ 53. Kh5 Rg7 54. f4 Re7 55. Ng4 Kd4 56. f5 Rf7 57. f6 Rc7 58. Kg5 Kd5 59.
Bd3 Ke6 60. Bf5+ Kf7 61. Bxh7 Rc5+ 62. Bf5 Kg8 63. h5 Kh8 64. Kg6 Rc7 65. Ne5
Rb7 66. Nd7 Ra7 67. Kf7 Ra8 68. Ke7 Rf8 69. Nxf8 1-0